Normal view
MARC view
Entry Personal Name
001 - CONTROL NUMBER
- control field: 16640
003 - CONTROL NUMBER IDENTIFIER
- control field: ARRUPE
005 - DATE AND TIME OF LATEST TRANSACTION
- control field: 20150326171553.0
008 - FIXED-LENGTH DATA ELEMENTS
- fixed length control field: 150326|| aca||aabn | a|a d
040 ## - CATALOGING SOURCE
- Original cataloging agency: ARRUPE
- Transcribing agency: ARRUPE
100 ## - HEADING--PERSONAL NAME
- Personal name: Silver, Maury,
- Dates associated with a name: 1944-
670 ## - SOURCE DATA FOUND
- Source citation: Work cat.: (ARRUPE)0: Sabini, John, 1947- 16637, Moralities of everyday life /, 1982.